Song Lyrics Quiz - Statistics

General Stats
  • This quiz has been taken 16 times
  • The average score is 3 of 15
Answer Stats
Artist Song Lyrics… …finish % Correct
Elton John I’m Still Standing Looking like a true survivor… Feeling like a little kid
69%
Eagles Hotel California I heard the mission bell, and I was thinking to myself… This could be heaven or this could be hell
56%
Sia Cheap Thrills Baby, I don’t need dollar bills… To have fun tonight
50%
Clean Bandit, Zara Larsson Symphony Cause I’ve been hearing symphonies, before all I heard was silence… A rhapsody for you and me
25%
Maroon 5 Payphone You turned your back on tomorrow… Cause you forgot yesterday
19%
Cavetown Home His mind is in a different place, will everybody please… Give him a little bit of space
19%
Elvis Presley Blue Suede Shoes Well you can know me down, step in my face… Slander my name all over the place
19%
Vance Joy Riptide All my friends are turning green, you’re… The magician’s assistant in their dreams
19%
Måneskin Beggin’ I walked away, but you warned me then… But easy come and easy go and it would end
6%
Imagine Dragons Sharks First you’re in, then you’re out… Everybody knows
6%
Manuel GAS GAS GAS Tonight, I’ll fly, and be your lover. Yeah, yeah, yeah… I’ll be so quick as a flash
6%
Coldplay Adventure of a Lifetime Turn your magic on, to me she’d say… Everything you want is a dream away
0%
grandson Despicable Love her then I leave her, and if I were you… I wouldn’t love me neither
0%
Madonna Vogue I know a place where you can get away, it’s called… The dance floor and here’s what it’s for
0%
Black Eyed Peas Let’s get it started In this context, there’s no disrespect, so when I bust my rhyme… You break your necks
0%
No matching quizzes found
Score Distribution
Percent of People with Each Score
Percentile by Number Answered
Your Score History
You have not taken this quiz